O uso legal da força na formação de jovens tenentes : (Record no. 1355)

MARC details
000 -LÍDER
Campo Fixo de Controle 00848nam a2200241 a 4500
001 - NÚMERO DE CONTROLE
Campo de Controle 1355
003 - IDENTIFICAÇÃO DO NÚMERO DE CONTROLE
Campo de Controle BR-CuiBMT
005 - DATA E HORA DA ÚLTIMA ATUALIZAÇÃO
Campo de Controle 20231205205601.0
008 - DADOS FIXOS
Dados Fixos 231205s2008 mtb 000 0 por d
020 ## - INTERNATIONAL STANDARD BOOK NUMBER
Nº do ISBN 9788589898706
040 ## - AGÊNCIA CATALOGADORA
Código da Agência Catalogadora BR-CuiBMT
Agência que transcreveu o registro BR-CuiBMT
080 ## - Nº DA CLASSIFICAÇÃO DECIMAL UNIVERSAL
Nº Class. CDU 355.235
Nº edição CDU 2007
090 ## - NÚMERO DE CHAMADA
Nº classificação 355.235
Cutter S216u
100 10 - ENTRADA PRINCIPAL -- AUTOR PESSOAL
Nome pessoal Sandes, Wilquerson Felizardo
245 12 - TÍTULO PRINCIPAL
Título principal O uso legal da força na formação de jovens tenentes :
Subtítulo um desafio para a atuação democrática na Polícia Militar /
Indicação de responsabilidade Wilquerson Felizardo Sandes.
260 ## - PUBLICAÇÃO, DISTRIBUIÇÃO, ETC.
Local de publicação Cáceres :
Editora Unemat,
Data 2008.
300 ## - DESCRIÇÃO FÍSICA
N. páginas ou volumes 106 p. ;
Ilustrações 22 cm
504 ## - NOTA DE BIBLIOGRAFIA, ETC.
Nota de bibliografia Inclui bibliografia.
650 ## - ASSUNTO TÓPICO
Cabeçalho tópico ou nome geográfico Polícia militar
Subdivisão geral Formação profissional
Subdivisão geográfica Mato Grosso
650 ## - ASSUNTO TÓPICO
Cabeçalho tópico ou nome geográfico Polícia militar
Subdivisão geral Sistema de ensino
Subdivisão geográfica Mato Grosso
650 ## - ASSUNTO TÓPICO
Cabeçalho tópico ou nome geográfico Organização do ensino militar
Subdivisão geográfica Mato Grosso
942 ## - ELEMENTOS DE ENTRADA ADICIONAIS (KOHA)
Fonte de classificação ou esquema de arquivamento Classificação Decimal Universal
Tipo de item do Koha Livros
Holdings
Estado: removido Estado: perdido Fonte de classificação ou esquema de arquivamento Estado: danificado Indisponível para empréstimo Localização permanente Localização atual Data de aquisição Total Checkouts Número de Chamada completo Código de barras Date last seen Número do exemplar Preço efetivo a partir de Tipo de item (Koha)
    Classificação Decimal Universal     Biblioteca da Escola Superior de Contas do TCE/MT Biblioteca da Escola Superior de Contas do TCE/MT 05/12/2023   355.235 S216u BIBTCEMT23120232 05/12/2023 Ex. 1 05/12/2023 Livros

Powered by Koha